00850nam a22002057a 450000500170000000800410001702000180005804000480007604100080012410000320013224501640016426000270032830000230035550400410037863000340041965000570045365000560051070000370056670000410060320210908182352.0210906s2012 ck |||gr|||| 00| 0 spa d a9789586539739 aCO-BoUCMbspacDeissy GarciadDeissy Garcia0 aspa aGiraldo López, Alejandro 10aComentarios al nuevo estatuto del consumidorbLey 1480 de 2011cAlejandro Giraldo López, Carlos Germán Caycedo Espinel, Ramón Eduardo Madriñán Rivera aBogotá bLegisc2012 axix, 283 páginas aIncluye referencias bibliográficas 7aLey 1480 de 2011xComentarios 7aProtección del consumidorxLegislaciónzColombia 7a Regulación del comercioxLegislaciónzColombia1 aCaycedo Espinel, Carlos Germán1 aMadriñán Rivera, Ramón Eduardo